Escuchando tras la puerta

Guardado en:
Detalles Bibliográficos
Autor principal: Belevan, Harry (Autor)
Formato: Libro
Lenguaje:español
Publicado: Barcelona Tusquets 1975
Colección:Cuadernos Infimos, 59
Materias:
Etiquetas: Agregar Etiqueta
Sin Etiquetas, Sea el primero en etiquetar este registro!

MARC

LEADER 00000nam a2200000 a 4500
001 UCO5512
003 CL-VaPUC
008 000901e19750000SP |||||||||||||||||spa|d
082 0 4 |a Pe863  |b BEL  |2 21 
100 0 |a Belevan, Harry  |e author  |9 450218 
245 1 0 |a Escuchando tras la puerta 
300 |a 157 p 
942 |c BK 
945 |d 20000901 00:00:00  |a crobeson 
260 |a Barcelona  |b Tusquets  |c 1975 
650 7 |a NOVELAS PERUANAS  |2 CL-VaPUC  |9 450219 
650 0 |a Literatura peruana  |9 257452 
583 |a last modification  |c 20000901 00:00:00  |k Rodrigo Vera 
490 0 |a Cuadernos Infimos, 59 
999 |c 291369  |d 291367 
952 |0 0  |1 0  |4 0  |6 PE_863_000000000000000_BEL_1975  |7 0  |8 A  |9 341192  |a BIBART  |b BIBART  |d 2019-11-20  |i 1221132  |o Pe863 BEL 1975  |p 1221132  |r 2025-03-13  |w 2019-11-20  |y BK  |k ART